A Maratona Mais Louca do Mundo! (Registo nº 1045)
[ vista simples ]
| 000 -Etiqueta do registo | |
|---|---|
| Cabeçalho | 01218cam a2200313 i 4500 |
| 005 - Identificador da versão | |
| Campo de controlo | 20240813121823.0 |
| 010 ## - Número internacional normalizado dos livros (ISBN) | |
| Número (ISBN) | 9789722337847 |
| Modalidade de aquisição e/ou preço | oferta |
| 021 ## - Número do Depósito Legal | |
| Código do país | PT |
| Número | 259 242/07 |
| 035 ## - Other System Control Numbers | |
| System Control Number | 0001094 |
| 100 ## - Dados gerais de processamento | |
| Dados gerais de processamento | 20070705d2007 deay0pory5003 ba |
| 102 ## - Pais de publicação ou produção | |
| País de publicação | Portugal |
| 101 1# - Língua de publicação | |
| Língua do texto, banda sonora, etc. | Português |
| Língua do documento no original | Italiano |
| 215 ## - Descrição física | |
| Indicação específica da natureza do documento e extensão da espécie | 104 p |
| Dimensões | 19x14 cm |
| 200 1# - Titulo e menção de responsabilidade | |
| Título próprio | A Maratona Mais Louca do Mundo! |
| Primeira menção de responsabilidade | Geronimo Stilton |
| Outras menções de responsabilidade | trad. Carlos Grifo Babo |
| -- | il. Valeria Turati |
| 225 2# - Colecção | |
| Título próprio da colecção | Geronimo Stilton |
| Indicação de volume | 15 |
| 205 ## - Menção da edição | |
| Menção da edição | 1ª edição |
| 210 ## - Publicação, Distribuição, etc. | |
| Lugar da edição, distribuição, etc. | Barcarena |
| Nome do editor, distribuidor, etc. | Presença |
| Data da publicação, distribuição, etc. | Junho, 2007 |
| 330 ## - Sumário ou Resumo | |
| Texto da nota | A maratona mais louca do mundo! "O meu amigo Rataldo Rock, um dos mais famosos atletas de Ratázia, pôs-me furioso com o seu superprograma de treino... Depois, juntos, participámos numa corrida extra-rática onde me aconteceu de tudo, mas mesmo de tudo..." |
| 304 ## - Notas relativas a título e menção de responsabilidade | |
| Texto da nota | Tit.Orig. La Maratona più Pazza del Mondo! |
| 675 ## - Classificação Decimal Universal (CDU) | |
| Notação | 82-93 |
| Edição | 2ª edição |
| Língua da edição | por |
| 702 #1 - Nome de autor-pessoa física (responsabilidade secundária) | |
| Número de registo de entrada de autoridade | 0001416 |
| Palavra de ordem | Babo |
| Outra parte do nome não tomada para palavra de ordem | Carlos Grifo |
| Código de função | Tradutor |
| Número de registo de entrada de autoridade | 0001417 |
| Palavra de ordem | Turati |
| Outra parte do nome não tomada para palavra de ordem | Valeria |
| Código de função | Ilustrador / Técnico de desenho computorizado |
| 700 #1 - Nome de autor-pessoa física (responsabilidade principal) | |
| Número de registo de entrada de autoridade | 0001207 |
| Palavra de ordem | Stilton |
| Outra parte do nome não tomada para palavra de ordem | Geronimo |
| 856 ## - Localização e acesso electrónico | |
| URL | <a href="www.geronimostilton.com">www.geronimostilton.com</a> |
| 942 ## - Elementos de entrada adicionados (Koha) | |
| Tipo de item no Koha | Livro |
| Situação do levantamento | Origin of item (home branch) (coded) | Biblioteca de empréstimo | Código de barras | Cota | Circulation type (not for loan) | Tipo de documento | Nota do exemplar | Damaged status |
|---|---|---|---|---|---|---|---|---|
| Biblioteca Escolar Eng. Nuno Mergulhão | Biblioteca Escolar Eng. Nuno Mergulhão | BENM1902 | 8EST STI | Livro | Sem mensagem |
